[Event "London Classic FIDE Open"]
[Site "London ENG"]
[Date "2011.12.06"]
[Round "4"]
[White "Opasiak,D"]
[Black "Andersen,NielsE"]
[Result "1/2-1/2"]
[WhiteElo "1737"]
[BlackElo "2018"]

1.e4 c5 2.Nf3 d6 3.Bb5+ Bd7 4.Bxd7+ Nxd7 5.O-O g6 6.c3 Bg7 7.d4 e5 8.Re1 Ngf6
9.Nbd2 O-O 10.Nf1 Qc7 11.Ng3 b5 12.a4 a6 13.axb5 axb5 14.Rxa8 Rxa8 15.Qb3 Qb7
16.Ng5 Nf8 17.dxc5 dxc5 18.c4 b4 19.f3 h6 20.Nh3 Ne6 21.Ne2 Qa6 22.Be3 Re8
23.Nf2 Nd4 24.Nxd4 exd4 25.Bf4 Nd7 26.Nd3 Rc8 27.Qc2 Bf8 28.b3 Ra8 29.Rb1 g5
30.Bg3 Qe6 31.Rb2 Ra3 32.Ra2 Qa6 33.Rxa3 Qxa3 34.h4 gxh4 35.Bxh4 Qa1+ 36.Kf2 Qh1
37.Bg3 h5 38.Qd2 Be7 39.Qe1 Qxe1+ 40.Kxe1 f6 41.f4 Kf7 42.Ke2 Ke6 43.f5+ Kf7
44.Nf4 Bd6 45.Nxh5 Bxg3 46.Nxg3 Ne5 47.Kd2 Ng4 48.Nh1 Ke7 49.Ke2 Kd6 50.Nf2 Ne5
51.Kd2 Ke7 52.Ke2 Kf7 53.Nd1 Kg7 54.Nb2 Kh6 55.Na4 Nd7 56.Kf3 Kg5 57.Kg3 Kh6
58.Kf4 Kg7 59.g3 Kf7 60.g4 Ke7 61.g5 fxg5+ 62.Kxg5 Kd6 63.Kf4 Ne5 64.Nb2 d3
65.Ke3 d2 66.Kxd2 Nf3+ 67.Ke3 Nd4 68.Nd3 Nxb3 69.e5+ Ke7 70.Ke4 Nd4 71.Nxc5 b3
72.Nd3 Nc6 73.f6+ Kf7 74.Nb2 Ke6 75.f7 Kxf7 76.Kd5 Nd8 77.c5 Ke7 78.Nd3 Kd7
79.Nb2 Ke7 80.Kc4 Ke6 81.Kxb3 Kxe5 82.Kc4 Nb7 83.Nd3+ Ke6 84.Nf4+ Kf5 85.c6 Na5+  1/2-1/2

[Event "London Classic FIDE Open"]
[Site "London ENG"]
[Date "2011.12.06"]
[Round "4"]
[White "Veznik,Michael"]
[Black "Doran,C"]
[Result "0-1"]
[WhiteElo "1821"]
[BlackElo "2011"]

1.e4 c5 2.Nf3 d6 3.Bb5+ Bd7 4.Bxd7+ Qxd7 5.O-O Nc6 6.d4 cxd4 7.Nxd4 Nf6 8.Nc3 g6
9.Be3 Bg7 10.h3 O-O 11.Qd2 a6 12.a4 Rac8 13.Rad1 Qc7 14.Nde2 Rfd8 15.f4 d5
16.e5 Ne4 17.Nxd5 Nxd2 18.Nxc7 Nxf1 19.Rxf1 Rxc7 20.Bb6 Rcd7 21.Bxd8 Rxd8
22.Rc1 g5 23.g3 gxf4 24.gxf4 Bh6 25.Kf2 Kf8 26.Ke3 Nxe5 27.b3 Ng6 28.Rf1 Nxf4
29.Nd4 Ne6+  0-1

[Event "80th Anniversary Mollet GM"]
[Site "Mollet del Valles ESP"]
[Date "2011.12.06"]
[Round "9"]
[White "Cuartas,Ja"]
[Black "Cruz,Jon"]
[Result "1-0"]
[WhiteElo "2522"]
[BlackElo "2386"]

1.e4 c5 2.Nf3 d6 3.Bb5+ Bd7 4.Bxd7+ Nxd7 5.c4 Ngf6 6.Nc3 e6 7.O-O Be7 8.d4 cxd4
9.Nxd4 a6 10.b3 Rc8 11.Bb2 O-O 12.Re1 Qb6 13.Qd2 Rfe8 14.Rad1 Bf8 15.Kh1 Qa5
16.f3 Rc7 17.f4 Rec8 18.Qe2 d5 19.e5 Ne8 20.f5 Bb4 21.fxe6 Nb6 22.exf7+ Rxf7
23.e6 Rf6 24.Nc2 Bxc3 25.b4 Qxa2 26.Bxc3 Rf4 27.c5 Qc4 28.Qe5 Re4 29.Rxe4 Qxe4
30.Ne3 Qxe5 31.Bxe5 Nc4 32.Nxd5 Kh8 33.Rf1 h6 34.Bg3 Rd8 35.Rf5 Nf6 36.e7 Re8
37.Bd6 Rc8 38.Nxf6 gxf6 39.Rxf6  1-0

[Event "Ascona Gp A"]
[Site "Ascona SUI"]
[Date "2011.12.07"]
[Round "5.2"]
[White "Oratovsky,M"]
[Black "Lund,E"]
[Result "1/2-1/2"]
[WhiteElo "2522"]
[BlackElo "2398"]

1.e4 c5 2.Nf3 d6 3.Bb5+ Nd7 4.O-O a6 5.Bxd7+ Bxd7 6.d4 cxd4 7.Qxd4 Nf6 8.Bg5 Bc6
9.Bxf6 gxf6 10.c4 Bg7 11.Nc3 O-O 12.Qd3 Rc8 13.Nd4 e6 14.Rad1 Qb6 15.b3 Rfd8
16.Qg3 Kh8 17.Rd3 Qc5 18.Rfd1 b5 19.cxb5 axb5 20.Nxc6 Rxc6 21.Ne2 Ra6 22.Rc3 Qh5
23.Rc2 f5 24.exf5 Qxf5 25.Rcd2 d5 26.Qc7 Rda8 27.Nd4 Bxd4 28.Rxd4 Rxa2 29.Rf4 Ra1
30.Qc3+ Kg8 31.Rxa1 Rxa1+ 32.Qxa1 Qxf4 33.g3 Qe4 34.Qf6 d4 35.Qg5+ Kf8 36.Qd8+ Kg7
37.Qg5+ Qg6 38.Qe5+ f6 39.Qxe6 Qb1+ 40.Kg2 d3 41.Qd7+ Kg6 42.Qg4+  1/2-1/2

[Event "2nd JAHV McGregor Open"]
[Site "Bogota COL"]
[Date "2011.12.08"]
[Round "5"]
[White "Prado Segura,Robinson Alexander"]
[Black "Lopez,Juan D."]
[Result "0-1"]
[WhiteElo "1828"]
[BlackElo "2001"]

1.e4 c5 2.Nf3 d6 3.Bb5+ Nc6 4.O-O g6 5.c3 Bg7 6.Re1 e6 7.d4 cxd4 8.cxd4 a6
9.Bxc6+ bxc6 10.Nc3 Ne7 11.Be3 O-O 12.Qd2 Rb8 13.Bh6 a5 14.Bxg7 Kxg7 15.b3 Rb4
16.Na4 Bd7 17.Qc3 f6 18.Nd2 Qc7 19.Nb2 e5 20.dxe5 fxe5 21.Nd3 Rbb8 22.Nc4 Ra8
23.Rad1 Be6 24.Nxd6 Qxd6 25.Nxe5 Qb4 26.Qxb4 axb4 27.Rd6 Rf6 28.Nxc6 Nxc6
29.Rxc6 Bf7 30.Rc7 Rxa2 31.f3 Rfa6 32.e5 Ra1 33.Rxa1 Rxa1+ 34.Kf2 Kf8 35.Rb7 Bxb3
36.Rxb4 Be6 37.Rb7 Ra2+ 38.Kg3 h6 39.Rb8+ Ke7 40.Rb7+ Bd7 41.Rb6 Bf5 42.h4 h5
43.Rc6 Re2 44.Rc5 Ke6 45.Rc8 Kxe5 46.Re8+ Be6 47.Re7 Kf6 48.Re8  0-1

[Event "3rd London Chess Classic"]
[Site "London ENG"]
[Date "2011.12.08"]
[Round "5"]
[White "Short,N"]
[Black "Anand,V"]
[Result "0-1"]
[WhiteElo "2698"]
[BlackElo "2811"]

1.e4 c5 2.Nf3 d6 3.Bb5+ Bd7 4.Bxd7+ Qxd7 5.O-O Nc6 6.Qe2 g6 7.c3 Bg7 8.Rd1 e5
9.b4 cxb4 10.cxb4 Nge7 11.d4 exd4 12.Bb2 O-O 13.b5 Ne5 14.Nxd4 Rac8 15.Nd2 d5
16.h3 Rfe8 17.Rab1 Qc7 18.Rbc1 Qb6 19.Rxc8 Nxc8 20.exd5 Nd6 21.Qf1 Rc8 22.N2b3 Nec4
23.Ba1 Na3 24.Qe1 Rd8 25.Qe7 Re8 26.Qg5 Naxb5 27.Nxb5 Qxb5 28.Bxg7 Kxg7 29.Qf4 Qb6
30.Rc1 h5 31.Nc5 Qd8 32.Qb4 Qe7 33.a4 b6 34.Na6 Qf6 35.Re1 Rc8 36.Qb1 Rc4
37.Nb4 Qc3 38.Nc6 Rxa4 39.Qd1 b5 40.Kh2 Qf6 41.Qd2 Ne4 42.Qe3 Qd6+ 43.Kg1 Qxd5
44.Nxa7 Qb7 45.Qd3 Qxa7 46.Rxe4 Rxe4 47.Qxe4 Qa1+ 48.Kh2 Qc3 49.f4 Qc5 50.Qd3 b4
51.f5 h4 52.Qd7 g5 53.Qd8 Qxf5 54.Qd4+ Kg6 55.Qd6+ Qf6 56.Qxb4 Qf4+ 57.Qxf4 gxf4
58.Kg1 Kf5 59.Kf1 Ke4 60.Ke2 f3+ 61.gxf3+ Kf4 62.Kf2 f6  0-1

[Event "London Classic FIDE Open"]
[Site "London ENG"]
[Date "2011.12.09"]
[Round "7"]
[White "Mikkelsen,N"]
[Black "Eames,R"]
[Result "1-0"]
[WhiteElo "2381"]
[BlackElo "2241"]

1.e4 c5 2.Nf3 d6 3.Bb5+ Nd7 4.d4 cxd4 5.Qxd4 a6 6.Bxd7+ Bxd7 7.c4 Rc8 8.O-O Qc7
9.b3 b5 10.Na3 e5 11.Qd3 bxc4 12.Nxc4 Bb5 13.Be3 Bxc4 14.bxc4 Qxc4 15.Qxc4 Rxc4
16.Rab1 Nf6 17.Rb8+ Kd7 18.Rd1 Rxe4 19.Ng5 Ra4 20.Rc1 d5 21.Rb7+ Kd6 22.Rb6+ Kd7
23.Nxf7 Ba3 24.Nxe5+ Ke7 25.Rc7+ Kd8 26.Rbb7 Rf8 27.Nc6+  1-0

[Event "13th Metropolitan GM"]
[Site "Los Angeles USA"]
[Date "2011.12.09"]
[Round "4"]
[White "Kiewra,K"]
[Black "Matikozian,A"]
[Result "1-0"]
[WhiteElo "2360"]
[BlackElo "2457"]

1.e4 c5 2.Nf3 d6 3.Bb5+ Nd7 4.c3 Nf6 5.Qe2 a6 6.Ba4 b5 7.Bc2 e5 8.a4 Rb8
9.axb5 axb5 10.O-O Be7 11.d4 O-O 12.Rd1 Qb6 13.Nbd2 exd4 14.cxd4 cxd4 15.Nb3 Re8
16.Nbxd4 Bf8 17.Bf4 Nc5 18.e5 dxe5 19.Nxe5 Bd6 20.Ndc6 Bxe5 21.Nxe5 Bg4 22.f3 Nh5
23.Be3 Rxe5 24.fxg4 Nf6 25.Qf3 b4 26.g5 Ng4 27.Bd4 Rxg5 28.h4 Ne5 29.Qd5 Rh5
30.Ra8 Ng4 31.Qxh5  1-0

[Event "13th Metropolitan GM"]
[Site "Los Angeles USA"]
[Date "2011.12.09"]
[Round "5"]
[White "Matikozian,A"]
[Black "Khachiyan,M"]
[Result "1/2-1/2"]
[WhiteElo "2457"]
[BlackElo "2474"]

1.e4 c5 2.Nf3 d6 3.Bb5+ Bd7 4.Bxd7+ Qxd7 5.O-O Nf6 6.Re1 Nc6 7.c3 e6 8.d4 cxd4
9.cxd4 d5 10.e5 Ne4 11.Nbd2 Nxd2 12.Bxd2 Be7 13.Rc1 O-O 14.Bg5 Rac8 15.Bxe7 Nxe7
16.Qd2 Rxc1 17.Rxc1 Rc8 18.Rc3 h6 19.h3 Rxc3 20.Qxc3 Nc6 21.a3 Qd8 22.Qb3 Qc7  1/2-1/2

[Event "Arab Games Blitz Men"]
[Site "Doha QAT"]
[Date "2011.12.10"]
[Round "1"]
[White "Hussein,AH"]
[Black "El Jawich,A"]
[Result "1/2-1/2"]
[WhiteElo "2392"]
[BlackElo "2139"]

1.e4 c5 2.Nf3 d6 3.Bb5+ Nd7 4.O-O a6 5.Bxd7+ Bxd7 6.d4 cxd4 7.Qxd4 e5 8.Qd3 h6
9.c4 Be7 10.Nc3 Nf6 11.h3 O-O 12.Be3 Qb8 13.Rfd1 b5 14.Nd5 Nxd5 15.cxd5 Qb7
16.Nd2 f5 17.f3 Rac8 18.exf5 Bxf5 19.Ne4 Rc4 20.b3 Bxe4 21.fxe4 Rc7 22.Rac1 Rfc8
23.Qf1 Bd8 24.Qf5 Rxc1 25.Rxc1 Rxc1+ 26.Bxc1 Bb6+ 27.Kh2 Bc5 28.Bd2 Qf7 29.Qc8+ Kh7
30.b4 Bd4 31.Qc1 Qf2 32.Qe1 Qxe1 33.Bxe1 g5 34.h4 Kg6 35.Kh3 gxh4 36.Kxh4 h5
37.Kg3 Be3 38.Kf3 Bd4 39.Bd2 Bb6 40.g4 hxg4+ 41.Kxg4 Bd4 42.Be1 Be3 43.Bc3 Bb6
44.Be1 Bd4 45.Kf3 Kh5 46.Bd2 Bb6 47.Bc3 Ba7 48.Kg3 Be3 49.Kh3 Bf2 50.Bd2 Bd4
51.Be1 Be3 52.Bc3 Bf2 53.Bd2 Bd4 54.Be1 Be3 55.Kg3 Bg5 56.Kf3 Bh4 57.Bd2 Bg5
58.Bc3 Bh4 59.Bd2 Bg5 60.Bc3 Bh4 61.Bd2 Bg5 62.Be1 Bh4 63.Bg3 Bxg3 64.Kxg3 Kg5
65.a3 Kh5 66.Kh3 Kg5 67.Kg3  1/2-1/2

[Event "Arab Games Blitz Men"]
[Site "Doha QAT"]
[Date "2011.12.10"]
[Round "2"]
[White "Al Modiahki,M"]
[Black "Njili,K"]
[Result "1-0"]
[WhiteElo "2558"]
[BlackElo "2344"]

1.e4 c5 2.Nf3 d6 3.Bb5+ Nc6 4.O-O Bd7 5.c3 a6 6.Ba4 b5 7.Bc2 e5 8.d4 Bg4
9.d5 Nce7 10.a4 b4 11.h3 Bxf3 12.Qxf3 a5 13.Bd3 Nf6 14.Bb5+ Nd7 15.Nd2 Nc8
16.Nc4 Be7 17.Qg4 g6 18.Bh6 Ra7 19.cxb4 cxb4 20.Rac1 Bf6 21.Be3 Ra8 22.Nb6 Nxb6
23.Bxb6 Qxb6 24.Qxd7+ Kf8 25.Rc7 Kg7 26.Qxf7+ Kh6 27.Rb7 Qd8 28.Rd7 Qf8 29.Qe6 Re8
30.Qxd6 Qxd6 31.Rxd6 Ref8 32.g3 Be7 33.Re6 Bc5 34.Kg2 Bd4 35.b3 Rc8 36.Bc6 Rhf8
37.f4 exf4 38.gxf4 Rf6 39.Rxf6 Bxf6 40.e5 Bh4 41.Kf3 Rf8 42.Ke4 Kg7 43.d6 h5
44.e6 Rf6 45.e7  1-0

[Event "Arab Games Blitz Men"]
[Site "Doha QAT"]
[Date "2011.12.10"]
[Round "6"]
[White "Al Modiahki,M"]
[Black "Adly,A"]
[Result "1-0"]
[WhiteElo "2558"]
[BlackElo "2601"]

1.e4 c5 2.Nf3 d6 3.Bb5+ Bd7 4.Bxd7+ Qxd7 5.c4 Nc6 6.d4 cxd4 7.Nxd4 g6 8.Nc3 Bg7
9.Be3 Nf6 10.f3 O-O 11.O-O Rfc8 12.b3 Ne8 13.Qd2 Nc7 14.f4 Ne6 15.Nxe6 fxe6
16.Rad1 Rf8 17.e5 Rad8 18.Ne4 Qc7 19.exd6 exd6 20.Nxd6 b6 21.Nb5 Rxd2 22.Nxc7 Rxa2
23.Rf2 Ra3 24.Nxe6 Re8 25.Bc1 Rxb3 26.Nxg7 Kxg7 27.f5 gxf5 28.Rxf5 Re6 29.Rd7+ Kg6
30.Rf1 Rc3 31.Bb2 Rc2 32.Ba1 a5 33.Rb7 Nb4 34.h3 Nd3 35.Rg7+ Kh6 36.Kh2 Rxc4
37.Rff7 Rg6 38.Rxh7+ Kg5 39.Bg7 Nc5 40.Bf8 Re4 41.Be7+ Rxe7 42.Rxe7 a4 43.Ref7 b5
44.g4 a3 45.Rh5+  1-0

[Event "14th Metropolitan IM"]
[Site "Los Angeles USA"]
[Date "2011.12.10"]
[Round "6"]
[White "Akopyan,H"]
[Black "Lee,Dan"]
[Result "1-0"]
[WhiteElo "2233"]
[BlackElo "2264"]

1.e4 c5 2.Nf3 d6 3.Bb5+ Bd7 4.Bxd7+ Qxd7 5.O-O Nc6 6.c3 Nf6 7.Re1 e6 8.d4 cxd4
9.cxd4 d5 10.e5 Ne4 11.Nbd2 Nxd2 12.Bxd2 Be7 13.Rc1 O-O 14.Rc3 Rac8 15.a3 a6
16.h4 Na7 17.Rd3 Qc6 18.Ng5 Qc2 19.Qf3 h6 20.Nh3 Nb5 21.a4 Qxa4 22.b3 Nxd4
23.Qg4 Ne2+ 24.Qxe2 Qxh4 25.Nf4 Rc2 26.Rh3 Qg5 27.Rh5 Rxd2 28.Qxd2 Qg4 29.Rh3 Bg5
30.Rf3 f6 31.Qb4 a5 32.Qd4 fxe5 33.Qxe5 Rxf4 34.Rxf4 Bxf4 35.Qxe6+ Qxe6 36.Rxe6 b5
37.Ra6 a4 38.bxa4 bxa4 39.Rxa4 Bg5 40.Rd4 Bf6 41.Rxd5 Kf7 42.g3 Kg6 43.Kg2 Be7
44.Kf3 Bf6 45.Kg4 Be7 46.Rb5 Bf6 47.f3 Be7 48.Rb6+ Bf6 49.Rc6 Kh7 50.Kf5 Bd4
51.g4 Bf6 52.f4 Bd4 53.g5 hxg5 54.fxg5 Be3 55.g6+ Kh6 56.Rc3  1-0

[Event "Sportaccord WMG Rapid w"]
[Site "Beijing CHN"]
[Date "2011.12.11"]
[Round "7"]
[White "Muzychuk,A"]
[Black "Ju Wenjun"]
[Result "1/2-1/2"]
[WhiteElo "2562"]
[BlackElo "2543"]

1.e4 c5 2.Nf3 d6 3.Bb5+ Bd7 4.Bxd7+ Qxd7 5.c4 Nc6 6.d4 Qg4 7.O-O Nxd4 8.Nxd4 Qxd1
9.Rxd1 cxd4 10.Rxd4 g6 11.Nc3 Bg7 12.Rd3 Nf6 13.Be3 Rc8 14.Bxa7 Rxc4 15.Rd4 Rxd4
16.Bxd4 Kd7 17.Rd1 Rc8 18.f3 Ne8 19.Bxg7 Nxg7 20.Rd4 Ne6 21.Rb4 Rc7 22.Kf2 Nf4
23.Rd4 h5 24.e5 Ne6 25.Rd2 Rc6 26.Ne4 Nc7 27.exd6 exd6 28.Nc3 Ke6 29.Ke3 d5
30.Kd4 Kd6 31.Ke3 Rc4 32.g3 Ke5 33.f4+ Kd6 34.a3 Kc5 35.b4+ Kc6 36.Kd3 Ne6
37.Re2 Rd4+ 38.Kc2 Rc4 39.Kd3 Rd4+ 40.Kc2 Rc4 41.Kd3 Rd4+  1/2-1/2

[Event "TCh-CZE Liga1 Vychod"]
[Site "Czech Rep CZE"]
[Date "2011.12.11"]
[Round "5"]
[White "Fuksik,J"]
[Black "Kapusta,Pe"]
[Result "1-0"]
[WhiteElo "2145"]
[BlackElo "2158"]

1.e4 c5 2.Nf3 d6 3.Bb5+ Nd7 4.O-O Nf6 5.Re1 a6 6.Bf1 g6 7.c3 Bg7 8.d4 cxd4
9.cxd4 O-O 10.Nc3 h6 11.h3 e5 12.Be3 b5 13.Qb3 Bb7 14.d5 Nc5 15.Bxc5 dxc5
16.a4 b4 17.Na2 Ne8 18.Nd2 f5 19.f3 Nd6 20.Rac1 Rc8 21.Qe3 Qh4 22.Nb3 Bf6
23.Nxc5 Bg5 24.Qe2 Bxc1 25.Rxc1 fxe4 26.fxe4 Bxd5 27.Nxb4 Bxe4 28.Nbxa6 Qf4
29.Rd1 Rc6 30.Ne6 Qf7 31.Nxf8 Bf5 32.Qxe5 Ne4 33.Rd8 Qa7+ 34.Kh2 Rc8 35.Rxc8 Bxc8
36.Qxe4 Kxf8 37.Qxg6 Qf2 38.Qxh6+ Ke7 39.Qg7+ Kd6 40.Qg3+  1-0

[Event "Arab Games Rapid Men"]
[Site "Doha QAT"]
[Date "2011.12.11"]
[Round "5"]
[White "Karim,I"]
[Black "El Jawich,A"]
[Result "1-0"]
[WhiteElo "2405"]
[BlackElo "2139"]

1.e4 c5 2.Nf3 d6 3.Bb5+ Nd7 4.d4 a6 5.Bxd7+ Bxd7 6.O-O g6 7.dxc5 dxc5 8.Be3 Bc6
9.Qe2 Bxe4 10.Nc3 Bxf3 11.Qxf3 Nf6 12.Qxb7 Qc8 13.Qb3 Bg7 14.Qa4+ Qd7 15.Qc4 O-O
16.Rad1 Qb7 17.b3 Rac8 18.Bxc5 Nd7 19.Na4 Nxc5 20.Nxc5 Qb5 21.Qxb5 axb5 22.Nd7 Rfe8
23.Rd2 Rc7 24.Rfd1 Ra8 25.Nb6 Rf8 26.c4 bxc4 27.Nxc4 h5 28.g3 Kh7 29.Rd7 Rxd7
30.Rxd7 Ra8 31.a4 Rb8 32.Rd3 e5 33.a5 e4 34.Rd7 Rxb3 35.a6 Rb1+ 36.Kg2 Ra1
37.a7 Bd4 38.Rxd4 Rxa7 39.Rxe4 Kg7 40.h4 Rd7 41.Ne3 Ra7 42.Kf3 Ra5 43.Re7 Rb5
44.Rc7 Ra5 45.Nc4 Rd5 46.Ke4 Rd1 47.Ne5 Re1+  1-0

[Event "18th Zadar Open A"]
[Site "Zadar CRO"]
[Date "2011.12.12"]
[Round "2.1"]
[White "Svetushkin,D"]
[Black "Szabo,Krisz1"]
[Result "1-0"]
[WhiteElo "2621"]
[BlackElo "2548"]

1.e4 c5 2.Nf3 d6 3.Bb5+ Nc6 4.O-O Bd7 5.Re1 Nf6 6.c3 a6 7.Ba4 b5 8.Bc2 e5
9.h3 Be7 10.d4 Qc7 11.d5 Nd8 12.a4 Rc8 13.Be3 O-O 14.Nbd2 Ne8 15.axb5 axb5
16.Ra6 g6 17.Qa1 Rb8 18.b4 c4 19.Qa5 Qc8 20.Ra7 Nb7 21.Qa1 Ng7 22.Qa6 f5
23.Bh6 Rf7 24.Ra1 f4 25.Bd1 Ne8 26.Ra8 Nc7 27.Rxb8 Qxb8 28.Qb6 Bd8 29.Qa7 Qc8
30.Nh2 Ne8 31.Qa8 Nf6 32.Qxc8 Bxc8 33.Ra8 Rc7 34.Bg4 Nxg4 35.Nxg4 Kf7 36.Nf3 Bf6
37.g3 fxg3 38.fxg3 Ke7 39.Nxf6 Kxf6 40.Kg2 g5 41.Bxg5+ Kf7 42.Be3 Bd7 43.Bb6 Rc8
44.Ra7  1-0

[Event "Sportaccord WMG Blitz Women"]
[Site "Beijing CHN"]
[Date "2011.12.13"]
[Round "11"]
[White "Skripchenko,A"]
[Black "Dembo,Y"]
[Result "1-0"]
[WhiteElo "2468"]
[BlackElo "2468"]

1.e4 c5 2.Nf3 d6 3.Bb5+ Nc6 4.O-O Bd7 5.c3 Nf6 6.Re1 a6 7.Ba4 b5 8.Bc2 Bg4
9.a4 Rb8 10.h3 Bh5 11.axb5 axb5 12.d3 e6 13.Nbd2 Be7 14.Nf1 O-O 15.Ng3 Bg6
16.Nh4 Nd7 17.Nxg6 hxg6 18.d4 Bf6 19.d5 exd5 20.Qxd5 Qc7 21.Rd1 Be7 22.Bf4 Nce5
23.b3 Nf6 24.Qd2 Qc6 25.Re1 Rfd8 26.Rad1 Ra8 27.Bb1 c4 28.b4 Rd7 29.Nf1 Rad8
30.Qe3 Nh5 31.Bh2 g5 32.Qd2 Ng6 33.Ne3 Nhf4 34.g3 Ne6 35.Nd5 Bf8 36.Qe2 Ne5
37.f4 gxf4 38.gxf4 Nd3 39.Bxd3 cxd3 40.Rxd3 Ra7 41.Qg4 Be7 42.Rg3 f5 43.Qxf5 Nf8
44.Qg4 g6 45.f5 Rda8 46.fxg6 Bd8 47.g7 Nh7 48.Qe6+ Rf7 49.Rf1 Qd7 50.Qxf7+ Qxf7
51.Rxf7  1-0

[Event "Sportaccord WMG Blitz Women"]
[Site "Beijing CHN"]
[Date "2011.12.13"]
[Round "13"]
[White "Skripchenko,A"]
[Black "Socko,M"]
[Result "1-0"]
[WhiteElo "2468"]
[BlackElo "2479"]

1.e4 c5 2.Nf3 d6 3.Bb5+ Bd7 4.Bxd7+ Qxd7 5.O-O Nf6 6.Qe2 Nc6 7.Rd1 e6 8.d4 cxd4
9.Nxd4 Rd8 10.c4 Be7 11.Nc3 Nxd4 12.Rxd4 Qc6 13.b3 O-O 14.Bb2 a6 15.Rad1 Nd7
16.R4d3 Nc5 17.Rg3 Bf6 18.Nd5 exd5 19.Bxf6 g6 20.cxd5 Qe8 21.Bxd8 Qxd8 22.Re3 Nd7
23.f4 Qb6 24.Kh1 Rc8 25.e5 dxe5 26.fxe5 Qb4 27.e6 Nf6 28.exf7+ Kxf7 29.Rf1 Rd8
30.Re6 Rxd5 31.Rexf6+ Kg7 32.Rf7+ Kh6 33.Qe3+ Rg5 34.Rxh7+  1-0

[Event "Sportaccord WMG Blindfold"]
[Site "Beijing CHN"]
[Date "2011.12.15"]
[Round "3"]
[White "Vachier Lagrave,M"]
[Black "Dominguez Perez,L"]
[Result "1-0"]
[WhiteElo "2710"]
[BlackElo "2712"]

1.e4 c5 2.Nf3 d6 3.Bb5+ Bd7 4.c4 Nf6 5.Nc3 g6 6.O-O Bg7 7.d4 cxd4 8.Nxd4 O-O
9.h3 Nc6 10.Be3 a6 11.Bxc6 bxc6 12.c5 Rb8 13.Qe2 Qa5 14.Nb3 Qb4 15.cxd6 exd6
16.e5 Nd5 17.exd6 Nxe3 18.Qxe3 Qxd6 19.Rad1 Qc7 20.Nc5 Bc8 21.b3 a5 22.Rfe1 Ra8
23.N3e4 Bf5 24.Nd6 Rad8 25.Nxf5 gxf5 26.Qf3 Qc8 27.Nd3 Rd6 28.Nf4 Bd4 29.Qg3+ Kh8
30.Rxd4 Rxd4 31.Nh5  1-0

[Event "XXIII Carlos Torre Magistral"]
[Site "Merida MEX"]
[Date "2011.12.16"]
[Round "1.14"]
[White "Fandino Reyes,R"]
[Black "Ibarra Chami,L"]
[Result "1/2-1/2"]
[WhiteElo "2081"]
[BlackElo "2480"]

1.e4 c5 2.Nf3 d6 3.Bb5+ Nd7 4.O-O Nf6 5.Re1 g6 6.c3 Bg7 7.d4 O-O 8.h3 a6
9.Bf1 e5 10.dxe5 Nxe5 11.Nxe5 dxe5 12.Qxd8 Rxd8 13.c4 b6 14.Nc3 Bb7 15.f3 Ne8
16.Be3 Nc7 17.Na4 Rd6 18.b4 cxb4 19.Nxb6 Rad8 20.c5 Rc6 21.Red1 Rxd1 22.Rxd1 Bf8
23.Nd7 Ne6 24.Nxe5 Bxc5 25.Bxc5 Rxc5 26.Nxf7 Kxf7 27.Rd7+ Kf6 28.Rxb7 a5
29.Rb6 Ke5 30.Kf2 Nd4 31.Bd3 Rc3 32.Ke3 Nc2+ 33.Kd2 Nd4 34.Ke3 Nc2+ 35.Kd2 Nd4
36.Ke3 Nc2+  1/2-1/2

[Event "European Blitz 2011"]
[Site "Warsaw POL"]
[Date "2011.12.16"]
[Round "7"]
[White "Bologan,V"]
[Black "Fedorov,Alex"]
[Result "1-0"]
[WhiteElo "2665"]
[BlackElo "2579"]

1.e4 c5 2.Nf3 d6 3.Bb5+ Nd7 4.O-O Nf6 5.Re1 a6 6.Bf1 b6 7.d4 cxd4 8.Nxd4 Bb7
9.c4 e6 10.Nc3 Be7 11.a4 O-O 12.f3 Rc8 13.Be3 Ne5 14.Qb3 Ba8 15.Qa2 Re8 16.Rac1 Qc7
17.b3 h5 18.Qd2 h4 19.h3 Nh5 20.f4 Nd7 21.Be2 Ng3 22.Bf3 Nc5 23.Qc2 Bf6 24.Bf2 g6
25.Rcd1 Qb8 26.e5 dxe5 27.fxe5 Bg7 28.Bxa8 Qxa8 29.Nf3 Rcd8 30.Nxh4 Rxd1
31.Nxd1 Nge4 32.Bxc5 Nxc5 33.Nf3 Rd8 34.Nf2 Bh6 35.b4 Nd7 36.Ng4 Bg7 37.Rd1 Nf8
38.c5 bxc5 39.bxc5 Rxd1+ 40.Qxd1 Qc6 41.Qd6 Qxa4 42.c6  1-0

[Event "European Blitz 2011"]
[Site "Warsaw POL"]
[Date "2011.12.16"]
[Round "11"]
[White "Neiksans,A"]
[Black "Korobov,A"]
[Result "0-1"]
[WhiteElo "2502"]
[BlackElo "2660"]

1.e4 c5 2.Nf3 d6 3.Bb5+ Nc6 4.Bxc6+ bxc6 5.O-O Bg4 6.h3 Bh5 7.e5 dxe5 8.g4 e4
9.gxh5 exf3 10.Nc3 Nf6 11.Qxf3 Qd7 12.d3 g6 13.h6 g5 14.Re1 O-O-O 15.Ne4 Nxe4
16.Rxe4 f5 17.Rc4 e6 18.Bxg5 Rg8 19.h4 Qd5 20.Qe3 Bxh6 21.Re1 Bf8 22.Kf1 Re8
23.Ke2 e5 24.Kd1 Bd6 25.Kc1 Re6 26.Qh3 Rf8 27.b3 Kb7 28.Bd2 Rg6 29.Bc3 h5
30.Qe3 Re8 31.b4 cxb4 32.Bxb4 Bc7 33.Bc5 Rg4 34.Rc3 e4 35.Rb3+ Ka8 36.Bxa7 Bf4
37.Kd1  0-1

[Event "European Rapid 2011"]
[Site "Warsaw POL"]
[Date "2011.12.17"]
[Round "3"]
[White "Berzina,I"]
[Black "Volokitin,And"]
[Result "0-1"]
[WhiteElo "2320"]
[BlackElo "2695"]

1.e4 c5 2.Nf3 d6 3.Bb5+ Nd7 4.c3 Nf6 5.Qe2 a6 6.Ba4 Qc7 7.O-O c4 8.Bc2 b5
9.a4 Bb7 10.axb5 axb5 11.Rxa8+ Bxa8 12.Na3 Qb7 13.Nd4 Nxe4 14.Ndxb5 d5 15.Bxe4 dxe4
16.Nxc4 Qb8 17.d4 e6 18.g3 Bc6 19.Nba3 Bxa3 20.bxa3 O-O 21.Qb2 Bb5 22.Bf4 e5
23.Nxe5 Bxf1 24.Qxb8 Rxb8 25.Kxf1 Nxe5 26.Bxe5 Rc8 27.d5 Rc5 28.Bd4 Rxd5
29.Ke2 Ra5 30.Ke3 f5 31.Kf4 g6 32.g4 fxg4 33.Kxg4 Rf5 34.a4 Kf7 35.Bb6 h5+
36.Kh4 Kf6 37.a5 Ke5 38.a6 Rf8 39.Bc7+ Kd5 40.a7 Kc6 41.Bb8 Kb7 42.Kg3 Rf3+
43.Kg2 Rxc3 44.Kf1 Ra3 45.Ke2 Kc6 46.Kd2 Kd5 47.Ke2 Kd4 48.Kd2 Ra2+ 49.Kc1 Kd3
50.Kb1 Ra6 51.Kb2 Ke2 52.Kb3 Kxf2 53.Kb4 e3  0-1

[Event "European Rapid 2011"]
[Site "Warsaw POL"]
[Date "2011.12.17"]
[Round "5"]
[White "Wandzik,W"]
[Black "Belov,Vl"]
[Result "0-1"]
[WhiteElo "2239"]
[BlackElo "2641"]

1.e4 c5 2.Nf3 d6 3.Bb5+ Bd7 4.Bxd7+ Qxd7 5.O-O Nf6 6.e5 dxe5 7.Nxe5 Qc7 8.d4 cxd4
9.Bf4 Qb6 10.Nd2 e6 11.Ndc4 Qc5 12.c3 dxc3 13.Qb3 b5 14.Be3 Qb4 15.Qd1 bxc4
16.Qf3 cxb2 17.Rad1 Bd6 18.a3 Qb5 19.Nxc4 Qxc4 20.Qxa8 O-O 21.Qb7 Be5 22.Rd2 Nc6
23.Rfd1 Nd5 24.Bxa7 Nc3 25.Rc2 Nxa7 26.Qxa7 Nxd1 27.Rxc4 b1=Q  0-1

[Event "European Rapid 2011"]
[Site "Warsaw POL"]
[Date "2011.12.17"]
[Round "5"]
[White "Dionisi,T"]
[Black "Miton,K"]
[Result "0-1"]
[WhiteElo "2250"]
[BlackElo "2622"]

1.e4 c5 2.Nf3 d6 3.Bb5+ Bd7 4.Bxd7+ Nxd7 5.O-O Ngf6 6.Qe2 e6 7.c4 Be7 8.Nc3 O-O
9.d4 cxd4 10.Nxd4 a6 11.Rd1 Rc8 12.b3 b5 13.cxb5 Rxc3 14.Nc6 Rxc6 15.bxc6 Nc5
16.b4 Ncxe4 17.Qxa6 Qb8 18.a3 d5 19.f3 Qe5 20.c7 Bd6 21.g3 Bxc7 22.Bf4 Qb2
23.fxe4 Ng4 24.Bd2 Qd4+ 25.Kg2 Qf2+ 26.Kh3 Qxh2+ 27.Kxg4 Qxg3+ 28.Kh5 Qh3+  0-1

[Event "European Rapid 2011"]
[Site "Warsaw POL"]
[Date "2011.12.17"]
[Round "7"]
[White "Deszczynski,A"]
[Black "Gabrielian,A"]
[Result "1-0"]
[WhiteElo "2356"]
[BlackElo "2545"]

1.e4 c5 2.Nf3 d6 3.Bb5+ Nc6 4.O-O Bd7 5.Re1 Nf6 6.c3 a6 7.Bf1 Bg4 8.h3 Bh5
9.d3 e6 10.g4 Bg6 11.Nh4 Nd7 12.Ng2 h5 13.g5 h4 14.f4 Bh5 15.Be2 g6 16.Nd2 Be7
17.Nf3 Bxf3 18.Bxf3 e5 19.Qd2 exf4 20.Qxf4 Nde5 21.Be2 Qd7 22.Be3 Qxh3 23.d4 Nd7
24.Bf2 Nf8 25.Bg4 Qd3 26.Rad1 Qb5 27.dxc5 Rd8 28.Ne3 Ne6 29.Bxe6 fxe6 30.Ng4 Rf8
31.Nf6+ Bxf6 32.gxf6 Ne5 33.Rxd6 Rxd6 34.Qxe5 Rd7 35.Qxe6+ Kd8 36.e5 Qxb2
37.c6 bxc6 38.Qxc6 Qb7 39.Bb6+ Ke8 40.Qe6+ Re7 41.Qxe7+ Qxe7 42.fxe7 Rf3
43.Bc5 Rxc3 44.Bd6 Kd7 45.Rf1  1-0

[Event "European Rapid 2011"]
[Site "Warsaw POL"]
[Date "2011.12.17"]
[Round "7"]
[White "Bologan,V"]
[Black "Sjugirov,S"]
[Result "0-1"]
[WhiteElo "2665"]
[BlackElo "2622"]

1.e4 c5 2.Nf3 d6 3.Bb5+ Nc6 4.O-O Bd7 5.Re1 Nf6 6.c3 a6 7.Bf1 Bg4 8.d3 e6
9.Nbd2 Bh5 10.a3 Be7 11.b4 b6 12.Qb3 O-O 13.d4 cxd4 14.cxd4 d5 15.e5 Nd7
16.Bd3 Bg6 17.Bxg6 fxg6 18.Bb2 b5 19.Rac1 Rc8 20.Qd3 Nb6 21.Nb3 Nc4 22.Re2 a5
23.Nc5 Bxc5 24.bxc5 Qe7 25.Rb1 b4 26.a4 Rf5 27.Nd2 Nxd2 28.Rxd2 Rcf8 29.Re1 g5
30.h3 Rf4 31.Qa6 Qe8 32.Re3 h6 33.f3 h5 34.Qd3 g4 35.Rf2 Ne7 36.g3 Rxf3 37.Rexf3 Rxf3
38.Rxf3 gxf3 39.Qc2 Nf5 40.Kh2 Ne3 41.Qf2 Nc4 42.g4 Qxa4 43.gxh5 Qa2 44.c6 Nxb2
45.Qc2 Qc4 46.Qxb2 Qxc6 47.Kg3 Qc3 48.Qa2 f2+ 49.Kxf2 Qxd4+ 50.Kg2 Qe4+ 51.Kf2 Kh7
52.Qxa5 b3 53.Qb6 Qc2+ 54.Kg3 b2  0-1

[Event "European Rapid 2011"]
[Site "Warsaw POL"]
[Date "2011.12.18"]
[Round "10"]
[White "Licznerski,L"]
[Black "Naiditsch,A"]
[Result "0-1"]
[WhiteElo "2271"]
[BlackElo "2712"]

1.e4 c5 2.Nf3 d6 3.Bb5+ Nc6 4.d4 cxd4 5.Qxd4 Bd7 6.Bxc6 Bxc6 7.Nc3 Qb6 8.Qxb6 axb6
9.Nd4 Nf6 10.f3 g6 11.Be3 Bg7 12.Ndb5 Kd7 13.Bxb6 Bxb5 14.Nxb5 Kc6 15.Nc7 Rac8  0-1

[Event "European Rapid 2011"]
[Site "Warsaw POL"]
[Date "2011.12.18"]
[Round "13"]
[White "Bartel,Mat"]
[Black "Olszewski,Mi"]
[Result "0-1"]
[WhiteElo "2653"]
[BlackElo "2539"]

1.e4 c5 2.Nf3 d6 3.Bb5+ Nd7 4.c3 Nf6 5.Qe2 a6 6.Ba4 e5 7.O-O Be7 8.d4 O-O
9.Bc2 Re8 10.Be3 Qc7 11.h3 Bf8 12.dxe5 dxe5 13.Nbd2 b5 14.a4 Rb8 15.axb5 axb5
16.Rfd1 c4 17.Nf1 Bb7 18.Ng3 Nc5 19.Bg5 Nfd7 20.Nf5 Ne6 21.b4 Nxg5 22.Nxg5 h6
23.Nf3 Nf6 24.Nh2 g6 25.Ng4 Nh5 26.Nfe3 Bg7 27.Ra5 Nf4 28.Qf1 h5 29.Nh2 Bc8
30.Nf3 Bd7 31.Kh2 Ra8 32.Rxa8 Rxa8 33.g3 Ne6 34.Nd5 Qa7 35.Qe2 Bc6 36.Nd2 h4
37.gxh4 Bxd5 38.exd5 Nf4 39.Qf3 Rd8 40.Nf1 Qe7 41.Ne3 Qxh4 42.d6 e4 43.Qg3 Qxg3+
44.fxg3 Nd3 45.Ra1 Bxc3 46.Ra5 Bd2 47.Nf1 e3 48.Bxd3 cxd3 49.Nxd2 Rxd6 50.Ra2 Rc6
51.Nf1 Rc2+  0-1